Uvedomelé spotrebiteľské správanie

Analýza spotrebiteľského správania v oblasti stravovania. Zistenie postojov spotrebiteľov k potravinám a k biopotravinám, ktoré priamo súvisia s vnímaním zdravého životného štýlu.

Gespeichert in:
Bibliographische Detailangaben
1. Verfasser: Korčoková, Marína, 1970-
Format: Buchkapitel
Sprache:Slowakisch
Schlagworte:
Tags: Tag hinzufügen
Keine Tags, Fügen Sie das erste Tag hinzu!

MARC

LEADER 00000naa$a2200000$$$4500
001 0251172
005 20240502074029.2
041 0 |a slo 
044 |a SK 
245 1 0 |a Uvedomelé spotrebiteľské správanie  |c Marína Korčoková 
520 |a Analýza spotrebiteľského správania v oblasti stravovania. Zistenie postojov spotrebiteľov k potravinám a k biopotravinám, ktoré priamo súvisia s vnímaním zdravého životného štýlu. 
610 2 0 |a štýl životný 
610 2 0 |a ekológia 
610 2 0 |a zdravie 
610 2 0 |a správanie spotrebiteľa 
100 1 |a Korčoková, Marína, 1970-